Hlava je hlava(ní)
Postup reklamnej kampane agentúry Impress management. Hlavné cieľové skupiny. Nástroje propagačnej kampane: reklama, publicita, osobný predaj. Realizácia kampane.
Gespeichert in:
| Format: | Buchkapitel |
|---|---|
| Sprache: | Tschechisch |
| Schlagworte: | |
| Tags: |
Keine Tags, Fügen Sie das erste Tag hinzu!
|
MARC
| LEADER | 00000naa a2200000 4500 | ||
|---|---|---|---|
| 001 | r022042 | ||
| 005 | 20230911123625.6 | ||
| 041 | 0 | |a cze | |
| 044 | |a CZ | ||
| 245 | 1 | 0 | |a Hlava je hlava(ní) |
| 520 | |a Postup reklamnej kampane agentúry Impress management. Hlavné cieľové skupiny. Nástroje propagačnej kampane: reklama, publicita, osobný predaj. Realizácia kampane. | ||
| 610 | 2 | 0 | |a reklama |
| 610 | 2 | 0 | |a agentúry |
| 610 | 2 | 0 | |a Impress management |
| 610 | 2 | 0 | |a kampane reklamné |
| 610 | 2 | 0 | |a práca s verejnosťou |
| 610 | 2 | 0 | |a predaj |